[Event "POL-ch Liga3 U18"]
[Site "Koscielec"]
[Date "2009.01.31"]
[Round "3.13"]
[White "Pera, Adam"]
[Black "Markowski, Piotr"]
[Result "1/2-1/2"]
[WhiteElo "1834"]
[BlackElo "2149"]
[PlyCount "74"]
[EventDate "2009.01.31"]
[EventType "swiss"]
[EventRounds "9"]
[EventCountry "POL"]
[SourceTitle "EXT 2023"]
[Source "ChessBase"]
[SourceDate "2022.10.05"]
[SourceVersion "1"]
[SourceVersionDate "2022.10.05"]
[SourceQuality "1"]

1. e4 c5 2. c3 d5 3. exd5 Qxd5 4. d4 Nf6 5. Nf3 Bg4 6. Be2 e6 7. 0-0 Nc6 8. Be3 cxd4 9. Nxd4 Bxe2 10. Qxe2 Be7 11. Rd1 0-0 12. Nd2 Rfd8 13. N2f3 Ne5 14. Nxe5 Qxe5 15. Nf3 Qe4 16. a3 Nd5 17. Rd4 Qf5 18. Rad1 Bf6 19. R4d3 h6 20. g3 Rd7 21. Bd4 Rad8 22. Bxf6 Qxf6 23. Ne5 Nxc3 24. bxc3 Rxd3 25. Rxd3 Rxd3 26. Nxd3 Qxc3 27. Qf3 Qxa3 28. Kg2 Qe7 29. Qe4 Qc7 30. Qd4 b5 31. Kf1 a5 32. Qc5 Qb7 33. Ke2 Qe4+ 34. Kd2 Qa4 35. Qc8+ Kh7 36. Qc2 Qd4 37. Qc5 Qd7 1/2-1/2